Statistics for The Ultimate Percy Jackson Trivia #1

Click here to take the quiz!

General Stats

  • This quiz has been taken 1,408 times
  • The average score is 8 of 10

Answer Stats

Hint Answer % Correct
Daughter of AthenaAnnabeth
98%
SatyrGrover
97%
King of the GodsZeus
94%
Goddess of WisdomAthena
92%
God of the SeaPoseidon
91%
Ruler of the UnderworldHades
88%
The Ruler of the TitansKronos
82%
Leader of the hunters of ArtemisThalia
79%
Artemis is captured by ______Atlas
75%
Percy had many angry run-ins with _____Ares
54%

Score Distribution

Percentile by Number Answered

Percent of People with Each Score

Your Score History

You have not taken this quiz